Sports Quiz

Random Sports or College Quiz

NFL Quarterbacks by College Quiz Stats

 Plays Quiz Updated Jan 7, 2019

Challenge
Share
Tweet
Embed
Score 0/48 Timer 08:00
7 Plays Today
College QB % Correct
TennesseePeyton Manning
90.6%
MississippiEli Manning
89.8%
MississippiArchie Manning
88.4%
MichiganTom Brady
86%
TexasVince Young
83%
BYUSteve Young
82.9%
Boston CollegeMatt Ryan
72.9%
CaliforniaAaron Rodgers
72.3%
Notre DameJoe Montana
72.1%
TennesseePat Ryan
69.7%
StanfordJohn Elway
68.8%
Boston CollegeDoug Flutie
63%
USCCarson Palmer
61.3%
Miami (FL)Vinny Testaverde
51.8%
AlabamaJoe Namath
51.3%
UCLATroy Aikman
50.9%
FloridaRex Grossman
43.1%
Boston CollegeMatt Hasselbeck
40.1%
WashingtonWarren Moon
38.4%
TexasColt McCoy
33.5%
BYUJim McMahon
33.1%
Miami (FL)Jim Kelly
31.6%
Miami (FL)Bernie Kosar
28.5%
IllinoisJeff George
26%
College QB % Correct
AlabamaKen Stabler
25.1%
StanfordJim Plunkett
24.5%
MichiganBrian Griese
23.5%
AlabamaBart Starr
22.7%
MichiganJim Harbaugh
22.1%
WashingtonMark Brunell
20.5%
Notre DameJoe Theismann
20.1%
USCMatt Cassel
17.2%
FloridaSteve Spurrier
16.2%
BYUMarc Wilson
9.4%
USCRodney Peete
8.6%
TennesseeHeath Shuler
6.9%
FloridaShane Matthews
6.5%
IllinoisTony Eason
6.2%
WashingtonChris Chandler
5.5%
CaliforniaSteve Bartkowski
5.2%
Notre DameSteve Beuerlein
4.3%
StanfordJohn Brodie
4%
TexasBobby Layne
3.7%
CaliforniaCraig Morton
3.3%
IllinoisJack Trudeau
2.6%
UCLABilly Kilmer
2.6%
UCLAJay Schroeder
1.6%
MississippiCharlie Conerly
0.9%

You're not logged in!

Compare scores with friends on all Sporcle quizzes.
OR
Log In

You Might Also Like...

Show Comments

Extras

Top Quizzes Today


Score Distribution

Your Account Isn't Verified!

In order to create a playlist on Sporcle, you need to verify the email address you used during registration. Go to your Sporcle Settings to finish the process.

Report this User

Report this user for behavior that violates our Community Guidelines.

Details: